000 00974caa a22002537a 4500
999 _c410498
_d410498
001 123423
003 UA-OsUOA
005 20191217190001.0
007 ta
008 20170614b un ||||| |||| 00| 0 ukr d
040 _aUA-OsUOA
_bukr
_cUA-OsUOA
_dUA-OsUOA
041 _aukr
080 _a908
090 _a908
_bР98
100 _aРябчикова Ф.
245 _aЕтнографічна аспірантура при волинському науково-дослідному музеї (1927-1931 рр.)
_cФ. Рябчикова, В. Надольська
300 _aС. 296–305
650 7 _a908 Краєзнавство
_2UDC
700 _aНадольська В.
773 0 _0360162
_9384710
_dОстрог Острозька друкарня 2010
_o131370
_tОстрозький краєзнавчий збірник
_w(UA-OsUOA) 73867
942 _cBKA
_2udc
955 _a1